Logo BPK

Biblioteka

Politechniki Koszalińskiej

Sztuka teatru a ewolucja architektury scenicznej : (Rekord nr 54071)

Szczegóły MARC
000 -ETYKIETA REKORDU
podpole kontrolne o stałej długości 01001nam a2200289 i 4500
001 - NUMER KONTROLNY REKORDU
pole kontrolne bg
015 ## - NUMER BIBLIOGRAFII NARODOWEJ
Numer bibliografii narodowej PB 20524/2007
020 ## - MIĘDZYNARODOWY ZNORMALIZOWANY NUMER KSIĄŻKI - ISBN
ISBN 9788360691205
040 ## - ŹRÓDŁO KATALOGOWANIA
Instytucja, która utworzyła rekord BPK
041 0# - KOD JĘZYKA
Kod języka tekstu pol
Kod języka streszczenia lub abstraktu eng
044 ## - KOD KRAJU WYDAWCY/PRODUCENTA
Kod kraju wydawcy/producenta POL
080 ## - UNIWERSALNA KLASYFIKACJA DZIESIĘTNA - UKD
UKD 725.1::792(091)(02.025.2)
920 ## - Międzynarodowy znormalizowany numer książki – ISBN
ISBN 978-83-60691-20-5
920 ## - Międzynarodowy znormalizowany numer książki – ISBN
ISBN 978-83-60691-20-5
008 - POLE O STAŁEJ DŁUGOŚCI - DANE KONTROLNE
podpole kontrolne o stałej długości 070824s2007 pl a |000 0 pol
100 1# - NAZWA OSOBOWA
Nazwa osobowa Obracaj, Piotr.
245 10 - TYTUŁ/ODPOWIEDZIALNOŚĆ
Tytuł Sztuka teatru a ewolucja architektury scenicznej :
Ciąg dalszy tytułu od wzorów ateńskich po światową standaryzację włoskiej sceny barokowej /
Pozostałe elementy strefy tytułu i oznaczenia odpowiedzialności Piotr Obracaj.
260 ## - STREFA ADRESU WYDAWNICZEGO
Miejsce wydania Opole :
Nazwa wydawcy/dystrybutora Oficyna Wydawnicza Politechniki Opolskiej,
Data publikacji, dystrybucji/powstania dokumentu 2007.
300 ## - STREFA OPISU FIZYCZNEGO
Objętość 304 s. :
Inne cechy fizyczne il. (w tym kolor.) ;
Rozmiary 20x29 cm.
490 1# - STREFA SERII I DOKUMENTU WIELOCZĘŚCIOWEGO - FORMA NIE DO WYSZUKIWANIA
Tytuł i oznaczenie odpowiedzialności serii SiM / Politechnika Opolska,
ISSN 1429-6063 ;
Numeracja w obrębie serii z. 196
504 ## - UWAGA DOTYCZĄCA BIBLIOGRAFII
Informacje o bibliografii Bibliogr. s. 227-249.
546 ## - UWAGA O JĘZYKU
Uwaga o języku Streszcz. ang.
650 #9 - HASŁO PRZEDMIOTOWE W FORMIE NAZWY OGÓLNEJ LUB JEDNOSTKOWEJ
Nazwa ogólna lub geograficzna Architektura
Określnik ogólny historia
650 #9 - HASŁO PRZEDMIOTOWE W FORMIE NAZWY OGÓLNEJ LUB JEDNOSTKOWEJ
Nazwa ogólna lub geograficzna Teatr
Określnik ogólny budownictwo
-- historia
830 #0 - HASŁO DODATKOWE SERII LUB DOKUMENTU WIELOCZĘŚCIOWEGO - TYTUŁ UJEDNOLICONY
Tytuł ujednolicony Studia i Monografie - Politechnika Opolska
-- 1429-6063
Oznaczenie tomu z. 196
856 ## - LOKALIZACJA I DOSTĘP DO ELEKTRONICZNYCH DOKUMENTÓW ZDALNYCH
Link (URL) http://koha.tu.koszalin.pl/cgi-bin/koha/opac-detail.pl?biblionumber=54071
Tekst linku Katalog online BPK
942 ## - DODATKOWE ELEMENTY (KOHA)
Typ dokumentu Książka
Egzemplarze
Wycofany Status egzemplarza Uszkodzony Dostępność Lokalizacja stała Lokalizacja bieżąca Miejsce przechowywania Sygnatura Kod kreskowy Dział Typ dokumentu
      Tylko na miejscu Biblioteka Politechniki Koszalińskiej Biblioteka Politechniki Koszalińskiej Czytelnia BG 84951 02389653 791/792 Film. Kino. Teatr Książka
© 2023 Biblioteka Politechniki Koszalińskiej :: KOHA